Central Library OPAC University of Rajshahi

Soviet Russia and the West, 1920-1927 : (Record no. 25425)

MARC details
000 -LEADER
fixed length control field 01162cam a2200301 u 4500
001 - CONTROL NUMBER
control field 25425
003 - CONTROL NUMBER IDENTIFIER
rucl marc code BD-RjUL
005 - DATE AND TIME OF LATEST TRANSACTION
control field 20211209050858.0
008 - FIXED-LENGTH DATA ELEMENTS--GENERAL INFORMATION
fixed length control field 140318s1957 caua b 000 0 eng
035 ## - SYSTEM CONTROL NUMBER
System control number (BD-RjUL)25495
040 ## - CATALOGING SOURCE
Original cataloging agency ADFA
Language of cataloging eng
Modifying agency ANL
-- BD-RjUL
Transcribing agency ANL
041 ## - LANGUAGE CODE
Language code of text/sound track or separate title eng
082 04 - DEWEY DECIMAL CLASSIFICATION NUMBER
Classification number 327.47094
Author mark and year EUS 1967
100 1# - MAIN ENTRY--PERSONAL NAME
Personal name Eudin, Xenia Joukoff.
9 (RLIN) 78177
245 10 - TITLE STATEMENT
Title Soviet Russia and the West, 1920-1927 :
Remainder of title a documentary survey /
Statement of responsibility, etc. by Xenia Joukoff Eudin and Harold H. Fisher in collaboration with Rosemary Brown Jones.
260 ## - PUBLICATION, DISTRIBUTION, ETC. (IMPRINT)
Place of publication, distribution, etc. Stanford, Calif. :
Name of publisher, distributor, etc. Stanford University Press,
Date of publication, distribution, etc. c1957 [Printing 1967].
300 ## - PHYSICAL DESCRIPTION
Pagination xxxvii, 450 p :
Illustrations ill. ;
Size 24 cm.
490 1# - SERIES STATEMENT
Series statement Publication / The Hoover Library on War, Revolution, and Peace ;
Volume/sequential designation no. 26
504 ## - BIBLIOGRAPHY, ETC. NOTE
Bibliography, etc Bibliography: p. 419-442.
651 #0 - SUBJECT ADDED ENTRY--GEOGRAPHIC NAME
Geographic name Soviet Union
General subdivision Foreign relations
Geographic subdivision Europe.
9 (RLIN) 78178
Geographic name Europe
General subdivision Politics and government
Chronological subdivision 1918-1945.
9 (RLIN) 6674
700 1# - ADDED ENTRY--PERSONAL NAME
Personal name Fisher, Harold Henry,
Dates associated with a name 1890-
830 #0 - SERIES ADDED ENTRY--UNIFORM TITLE
Volume number/sequential designation no. 26
830 #0 - SERIES ADDED ENTRY--UNIFORM TITLE
Uniform title Publication (Hoover Library on War, Revolution, and Peace) ;
942 ## - ADDED ENTRY ELEMENTS (KOHA)
Source of classification or shelving scheme Dewey Decimal Classification
Koha item type Books
Holdings
Lost status Source of classification or shelving scheme Damaged status Not for loan Collection code Permanent Location Current Location Shelving location Date acquired Source of acquisition Cost, normal purchase price Total Checkouts Full call number Date last seen Copy number Koha item type
  Dewey Decimal Classification     Non-fiction Central Library, University of Rajshahi Central Library, University of Rajshahi Reading Room 05/08/1990 Asia Fundation 0.00   327.47094 EUS 1967 18/03/2014 C-1 Books
  Dewey Decimal Classification     Non-fiction Central Library, University of Rajshahi Central Library, University of Rajshahi   05/08/1990       327.47094 EUS 1967 12/11/2016 C-2 Books